00410cam a22001097a 4500008004000000082001500040245014100055260004000196300000900236650002100245700003400266180718b1969 xxu||||| |||| 00| 0 eng d aK5x54 D378 aTraining in the 1970's: excerpts from a panel discussion held on Oct.29, 1969, at a meeting of the DTScby Delhi Training Society, India aDelhibDelhi Training Societyc1969 a25p. aTraining - India aIndia. Delhi Training Society